Statystyki dla Quiz o Pucharze Świata w skokach narciarskich

Kliknij tutaj aby rozwiązać quiz!

Ogólne statystyki

  • Ten quiz został rozwiązany 74 razy
    (59 od ostatniego zresetowania)
  • Średni wynik to 4 z 15

Statystyki odpowiedzi

ZagadnienieOdpowiedź% Poprawnych
Na początek myślę, że proste pytanie. Jak nazywa się pierwszy zwycięzca Pucharu Świata w HistoriiHubert Neuper
61%
Ilu skoczków wygrało konkurs PŚ nie osiągając wówczas (podczas wygranego konkursu) 18 lat?11
41%
W którym sezonie po raz ostatni obowiązywała stara punktacja, w którym punktowało tylko najlepsza 15?1992/93
38%
W całej historii PŚ tylko raz zdarzyło się żeby na jednym stopniu podium konkursu Pucharu Świata stanęło 3 zawodników. W jakim mieście miało ono miejsce?Harrachov
36%
Ile lat miał Takanobu Okabe drugi najstarszy zwycięzca konkursu PŚ w skokach w swoim ostatnim wygranym konkursie?38 lat 4 m. 12 d.
32%
Ile razy reprezentant Polski stał na podium końcowej klasyfikacji generalnej PŚ? (stan na 21.02.2021)11
29%
W całej historii tylko 5 skoczków wygrało 6 konkursów PŚ z rzędu ale tylko 2 uczyniło to w jednym sezonie. W którym sezonie miało to miejsce?2004/05
27%
Który zawodnik jako jedyny wygrał pierwszy i ostatni konkurs Pucharu Świata w skokach narciarskich?Martin Schmitt
25%
05.12.2015 roku w Lillehammer różnica między 1 a 10 miejscem miejscem dzieliło tylko 5,3 punktów. Kto zajął 10 miejsce w wygranym przez Freunda konkursie?Manuel Poppinger
23%
Który skoczek ma największy procent wygranych konkursów PŚ w jednym sezonie?Adam Małysz
21%
Nawiązując do poprzedniego pytania. Kto wygrał ostatni konkurs PŚ w starej punktacji?Espen Bredensen
21%
Przedstawicieli ilu krajów (w tym nieistniejących) wygrywali minimum 1 konkurs PŚ? (Stan na 21.02.2021)18
18%
Ile wynosiła najmniejsza różnica między pierwszą a drugą reprezentacją w PŚ Narodów?37
18%
Tylko 6 miast zamykało sezon PŚ w skokach narciarskich. W którym mieście zakończył się 1 sezon PŚ?Szczyrbskie Jezioro
18%
Który skoczek zajmuje 10 miejsce w klasyfikacje wszechczasów w liczbie konkursów w PŚ? (stan na 21.02.2021)Daiki Ito
14%

Rozkład punktacji

Percentyl według liczby udzielonych odpowiedzi

Procent ludzi z każdym wynikiem

Twoja historia wyników

Nie rozwiązałeś tego quizu od ostatniego zresetowania